Drake - Take Care: Sudden Death - Statistics

General Stats
  • This quiz has been taken 557 times
  • The average score is 13 of 19
Answers on the Grid
Answers color-coded by a green-red scale on the quiz's grid according to % correct below.
Shot For Me
6PM In New York
Headlines
Jungle
Make Me Proud
Lord Knows
Champagne Poetry
Cameras/Good Ones Go Interlude - Medley
Crew Love
Virginia Beach
Under Ground Kings
Take Care
We'll Be Fine
Over The Top
The Motion
The Real Her
Passionfruit
Doing It Wrong
Teenage Fever
Buried Alive Interlude
Sandra's Rose
HYFR (Hell Ya Fucking Right)
Practice
Hold On, We're Going Home
SICKO MODE
Marvins Room
The Ride
Fancy
Over My Dead Body
Look What You've Done
Weston Road Flows
The Motto
From Time
 
Answer Stats
Answer % Correct
Headlines
91%
Take Care
86%
Shot For Me
84%
Crew Love
79%
Marvins Room
77%
Over My Dead Body
74%
Cameras/Good Ones Go Interlude - Medley
69%
HYFR (Hell Ya Fucking Right)
69%
Lord Knows
68%
The Motto
67%
Under Ground Kings
67%
Practice
66%
Look What You've Done
65%
Doing It Wrong
64%
The Ride
64%
Buried Alive Interlude
59%
The Real Her
57%
Make Me Proud
54%
We'll Be Fine
51%
No matching quizzes found
Score Distribution
Percent of People with Each Score
Percentile by Number Answered
Your Score History
You have not taken this quiz